000
00454nam a2200169Ia 4500
008
110201s9999 xx 000 0 und d
082
_b
B648
_a
K 468
100
_a
वाड विजया
245
_a
अशरण
260
_b
हेमचंद्र प्रकाशन
365
_b
18
600
_a
वाड विजया
630
_a
अशरण
700
_a
वाड विजया
730
_a
अशरण
942
_c
BOOK
999
_c
828080
_d
828077